Normal view
MARC view
Entry Personal Name
001 - CONTROL NUMBER
- control field: 23551
003 - CONTROL NUMBER IDENTIFIER
- control field: OSt
005 - DATE AND TIME OF LATEST TRANSACTION
- control field: 20210318113933.0
008 - FIXED-LENGTH DATA ELEMENTS
- fixed length control field: 210318|| aca||aabn | a|a d
040 ## - CATALOGING SOURCE
- Original cataloging agency: OSt
- Transcribing agency: OSt
100 ## - HEADING--PERSONAL NAME
- Personal name: Mani, d. Rama
670 ## - SOURCE DATA FOUND
- Source citation: Work cat.: (OSt): Mani, d. Rama, The physically handicapped in India policy and programme , 1988
